000
00274nam a2200109Ia 4500
008
190216s9999||||xx |||||||||||||| ||und||
100
_a
Prasad L
245
0
_a
Studies In Indian History Ancient And Medival India
260
_b
Book Hive Pub
650
_a
History
942
_c
BK
999
_c
19560
_d
19560